20,000 leagues under the sea (Record no. 33088)

MARC details
000 -LEADER
fixed length control field 00667nam a2200157 a 4500
008 - FIXED-LENGTH DATA ELEMENTS--GENERAL INFORMATION
fixed length control field 220805s2008 ||||||||||||||||| || u
020 ## - INTERNATIONAL STANDARD BOOK NUMBER
International Standard Book Number 9781405842761
050 ## - LIBRARY OF CONGRESS CALL NUMBER
Classification number PQ 2469 Ver
100 ## - MAIN ENTRY--PERSONAL NAME
Personal name Verne, Jules
245 10 - TITLE STATEMENT
Title 20,000 leagues under the sea
Statement of responsibility, etc. By Jules Verne; Retold by Fiona Beddall
260 ## - PUBLICATION, DISTRIBUTION, ETC.
Place of publication, distribution, etc. Harlow
Name of publisher, distributor, etc. Pearson Education Ltd in association with Penguin Books Ltd
Date of publication, distribution, etc. 2008
300 ## - PHYSICAL DESCRIPTION
Extent iv, 27 pages : color illustration
490 ## - SERIES STATEMENT
Series statement Penguin Readers, Level 1
650 ## - SUBJECT ADDED ENTRY--TOPICAL TERM
Topical term or geographic name entry element ENGLISH LANGUAGE
995 ## - RECOMMENDATION 995 [LOCAL, UNIMARC FRANCE]
-- 11.99
-- CBU-MAIN LIBRARY (Kitwe)
-- 1
-- AVAILABLE
-- Aug 5, 2022
-- Main Library Open Access Collection
Holdings
Withdrawn status Lost status Source of classification or shelving scheme Damaged status Not for loan Home library Current library Shelving location Date acquired Total Checkouts Full call number Barcode Date last seen Price effective from Koha item type
          CBU-MAIN LIBRARY, KITWE. CBU-MAIN LIBRARY, KITWE.   11/30/2022   PQ 2469 Ver 748049 11/30/2022 11/30/2022 MONOGRAPH